दक्षिण भारतीय हिन्दी साहित्य का इतिहास / (Record no. 69479)

MARC details
000 -LEADER
fixed length control field 01004nam a22002657a 4500
005 - DATE AND TIME OF LATEST TRANSACTION
control field 20120828151322.0
008 - FIXED-LENGTH DATA ELEMENTS--GENERAL INFORMATION
fixed length control field 101019t xxu||||| |||| 00| 0 hin d
010 ## - LCCN (DPL NO)
LC control number HIN-965512
020 ## - INTERNATIONAL STANDARD BOOK NUMBER
Terms of availability 500.00
International Standard Book Number 9789381090213
035 ## - SYSTEM CONTROL NUMBER
System control number HN-68898
037 ## - SOURCE OF ACQUISITION
Source of stock number/acquisition DBAD / PUB
040 ## - CATALOGING SOURCE
Language of cataloging HIN
082 ## - DEWEY DECIMAL CLASSIFICATION NUMBER
Classification number 401
100 ## - MAIN ENTRY--PERSONAL NAME
9 (RLIN) 23632
Personal name राव, पी. आदेश्वर
245 ## - TITLE STATEMENT
Title दक्षिण भारतीय हिन्दी साहित्य का इतिहास /
Statement of responsibility, etc पी. आदेश्वर राव
246 ## - VARYING FORM OF TITLE
Title proper/short title Dakshin Bhartiya Hindi Sahitya ka Itihas
Remainder of title by P. Adeshwar Rao
260 ## - PUBLICATION, DISTRIBUTION, ETC. (IMPRINT)
Place of publication, distribution, etc कानपुर
Name of publisher, distributor, etc अमन प्रकाशन
Date of publication, distribution, etc 2012
270 ## - ADDRESS
City कानपुर
Address 104ए/80सी रामबाग
Postal code 208021 (उ.प्र.)
Telephone number 0512- 2543480
300 1# - PHYSICAL DESCRIPTION
Extent 344पृ.
Dimensions 22सेमी (सजिल्द)
650 ## - SUBJECT ADDED ENTRY--TOPICAL TERM
9 (RLIN) 657
700 ## - ADDED ENTRY--PERSONAL NAME
9 (RLIN) 51669
710 ## - ADDED ENTRY--CORPORATE NAME
9 (RLIN) 34811
710 ## - ADDED ENTRY--CORPORATE NAME
9 (RLIN) 35049
942 ## - ADDED ENTRY ELEMENTS (KOHA)
Source of classification or shelving scheme Dewey Decimal Classification
Item type Hindi Books
Call number suffix रावपी
Classification part 820.08

No items available.


© Delhi Public Library
Hit Counter
free hit counter